Enzyme-Mediated Stereoselective Synthesis (Record no. 27804)

MARC details
000 -LEADER
fixed length control field 01079nam a2200121Ia 4500
008 - FIXED-LENGTH DATA ELEMENTS--GENERAL INFORMATION
fixed length control field 220620s9999||||xx |||||||||||||| ||und||
100 ## - MAIN ENTRY--PERSONAL NAME
Personal name Serra, Stefano
245 #0 - TITLE STATEMENT
Title Enzyme-Mediated Stereoselective Synthesis
546 ## - LANGUAGE NOTE
Language note English[eng]
650 ## - SUBJECT ADDED ENTRY--TOPICAL TERM
Topical term or geographic name entry element enantioselective synthesis||flavors||n/a||hydroxy fatty acids||chiral amines||diketones||esters||oleic acid||Burkholderia cepacia lipase||multi-enzymatic cascades||solid-state fermentation||biocatalysis||agro-industrial side stream||rapeseed cake||enzyme-mediated resolution||linolenic acid||stereoselective biotransformation||lipases||kinetic resolution||1-phenylethanol||linseed cake||bioreduction||Lactobacillus rhamnosus||alcohol-dehydrogenase||enantioselectivity||hydratase||reaction engineering||immobilization||?-transaminases||linoleic acid||cyclization||monoterpenes||1||lactones||protein engineering||asymmetric synthesis||alcohol dehydrogenases||linaloyl oxide||chiral resolution||aroma compounds||4-diols||pullulan||linalool||reduction||nitroketone
856 ## - ELECTRONIC LOCATION AND ACCESS
Uniform Resource Identifier <a href="https://mdpi.com/books/pdfview/book/1880">https://mdpi.com/books/pdfview/book/1880</a>
942 ## - ADDED ENTRY ELEMENTS (KOHA)
Koha item type E-Books
Holdings
Withdrawn status Lost status Damaged status Not for loan Home library Current library Date acquired Total Checkouts Date last seen Price effective from Koha item type
        Kerala University of Digital Sciences, Innovation and Technology Knowledge Centre Kerala University of Digital Sciences, Innovation and Technology Knowledge Centre 20/06/2022   20/06/2022 20/06/2022 E-Books